000 00299nam a22001337a 4500
008 171020b xxu||||| |||| 00| 0 eng d
020 _a9780736063654
041 _aeng
080 _a338
100 _a54
101 _aMNG
245 _aCONTEMPORARY SPORT MANAGEMENT
_cPARKS, J.B
942 _2udc
_cBK
999 _c35207
_d35207